| 000 | 00399nam a2200157Ia 4500 | ||
|---|---|---|---|
| 999 |
_c14054 _d14054 |
||
| 003 | OSt | ||
| 005 | 20260318124715.0 | ||
| 008 | 260210s9999 xx 000 0 und d | ||
| 020 | _a9781568989792 | ||
| 082 | _a741.6 | ||
| 100 | _aJennifer Cole Phillips | ||
| 245 | 0 | _aGraphic Design Thinking: Beyond Brainstorming | |
| 260 | _bPrinceton Architectural Press | ||
| 260 | _c2014 | ||
| 942 |
_cBDES _2ddc |
||